Some aspects of the population patterns in the different functional groups of towns in Gujarat (Record no. 82608)
[ view plain ]
| 000 -LEADER | |
|---|---|
| fixed length control field | 01002cam a22002531 4500 |
| 001 - CONTROL NUMBER | |
| control field | sa 68008845 |
| 003 - CONTROL NUMBER IDENTIFIER | |
| control field | DLC |
| 005 - DATE AND TIME OF LATEST TRANSACTION | |
| control field | 20260227112537.0 |
| 008 - FIXED-LENGTH DATA ELEMENTS--GENERAL INFORMATION | |
| fixed length control field | 770511s1967 ii a 000 0 eng |
| 010 ## - LIBRARY OF CONGRESS CONTROL NUMBER | |
| LC control number | sa 68008845 |
| 035 ## - SYSTEM CONTROL NUMBER | |
| System control number | (OCoLC)2954053 |
| 040 ## - CATALOGING SOURCE | |
| Original cataloging agency | DLC |
| Transcribing agency | MiYEM |
| Modifying agency | DLC |
| 042 ## - AUTHENTICATION CODE | |
| Authentication code | premarc |
| 050 00 - LIBRARY OF CONGRESS CALL NUMBER | |
| Classification number | HT147.I5 |
| Item number | J32 |
| 082 ## - DEWEY DECIMAL CLASSIFICATION NUMBER | |
| Classification number | 301.3/64/095475 |
| 100 1# - MAIN ENTRY--PERSONAL NAME | |
| Personal name | Janaki, Vengalil A |
| 245 10 - TITLE STATEMENT | |
| Title | Some aspects of the population patterns in the different functional groups of towns in Gujarat |
| Statement of responsibility, etc. | [by] V. A. Janaki. |
| 260 ## - PUBLICATION, DISTRIBUTION, ETC. | |
| Place of publication, distribution, etc. | [Baroda, |
| Name of publisher, distributor, etc. | Dept. of Geography, Faculty of Science] Maharaja Sayajirao University of Baroda |
| Date of publication, distribution, etc. | [1967] |
| 300 ## - PHYSICAL DESCRIPTION | |
| Extent | 80 p. |
| Other physical details | illus., maps. |
| Dimensions | 30 cm. |
| 490 1# - SERIES STATEMENT | |
| Series statement | Maharaja Sayajirao University of Baroda. Research paper series: geography, |
| Volume/sequential designation | no. 3 |
| 650 #0 - SUBJECT ADDED ENTRY--TOPICAL TERM | |
| Topical term or geographic name entry element | Cities and towns |
| Geographic subdivision | India |
| -- | Gujarat. |
| 651 #0 - SUBJECT ADDED ENTRY--GEOGRAPHIC NAME | |
| Geographic name | Gujarat (India) |
| General subdivision | Population. |
| 810 2# - SERIES ADDED ENTRY--CORPORATE NAME | |
| Corporate name or jurisdiction name as entry element | Maharaja Sayajirao University of Baroda. |
| Subordinate unit | Department of Geography. |
| Title of a work | Research paper series : geography ; |
| Volume/sequential designation | no. 3. |
No items available.